Countries with Carrefour - Statistics

General Stats
  • This quiz has been taken 36 times
    28 since last reset
  • The average score is 13 of 31
Answer Stats
Continent Country % Correct
Europe France
100%
Europe Spain
88%
Europe Italy
75%
Europe Belgium
71%
Europe Portugal
71%
Asia China
63%
Europe Poland
63%
South America Argentina
58%
Europe Romania
58%
South America Brazil
54%
Africa Morocco
50%
Europe Bulgaria
46%
South America Chile
46%
South America Colombia
46%
Asia Egypt
46%
Africa Tunisia
46%
Asia India
42%
Europe Ukraine
42%
Asia Qatar
29%
Asia Saudi Arabia
29%
Africa Senegal
29%
Asia Thailand
29%
Asia Bahrain
25%
Asia Taiwan
25%
Asia Taiwan
25%
Asia United Arab Emirates
25%
Asia Kuwait
21%
Asia Oman
21%
Africa Ivory Coast
13%
Asia Mongolia
13%
Africa Gabon
0%
No matching quizzes found
Score Distribution
Percent of People with Each Score
Percentile by Number Answered
Your Score History
You have not taken this quiz since the last reset